| 000 | 00439nam a22001697a 4500 | ||
|---|---|---|---|
| 999 |
_c3885 _d234389 |
||
| 080 | _a342 L 969 | ||
| 100 | _aLuxemburgo, Rosa | ||
| 245 |
_ala Acumulaciòn del Capital _bestudio sobre la intepretciòn econòmica del Imperialismo |
||
| 260 |
_aMadrid _bCenit _c1933 |
||
| 300 | _a576 P. | ||
| 650 | _xAdam Smith | ||
| 650 | _xMarx | ||
| 650 | _xacumulacon del capital | ||
| 650 | _xMalthus | ||
| 942 | _6_ | ||
| 945 |
_acd _d2015-05-12 |
||